<?xml version="1.0" encoding="UTF-8"?>
<record
    xmlns:xsi="http://www.w3.org/2001/XMLSchema-instance"
    xsi:schemaLocation="http://www.loc.gov/MARC21/slim http://www.loc.gov/standards/marcxml/schema/MARC21slim.xsd"
    xmlns="http://www.loc.gov/MARC21/slim">

  <leader>00695nab a2200205 uc4500</leader>
  <controlfield tag="001">808832</controlfield>
  <controlfield tag="005">20240201185811.0</controlfield>
  <controlfield tag="008">030505s2001                        spa  </controlfield>
  <datafield tag="035" ind1=" " ind2=" ">
    <subfield code="a">808832</subfield>
  </datafield>
  <datafield tag="035" ind1=" " ind2=" ">
    <subfield code="a">(OCoLC)820025027</subfield>
  </datafield>
  <datafield tag="040" ind1=" " ind2=" ">
    <subfield code="c">comduadb</subfield>
  </datafield>
  <datafield tag="041" ind1=" " ind2=" ">
    <subfield code="a">spa</subfield>
  </datafield>
  <datafield tag="100" ind1="1" ind2="0">
    <subfield code="a">Bayes, Thomas</subfield>
    <subfield code="4">aut</subfield>
    <subfield code="e">aut</subfield>
    <subfield code="9">372463</subfield>
  </datafield>
  <datafield tag="245" ind1="1" ind2="0">
    <subfield code="a">Un ensayo encaminado a resolver un problema en la doctrina del azar</subfield>
  </datafield>
  <datafield tag="650" ind1=" " ind2=" ">
    <subfield code="a">Bayes, Thomas</subfield>
    <subfield code="9">111502</subfield>
  </datafield>
  <datafield tag="650" ind1=" " ind2=" ">
    <subfield code="a">Azar</subfield>
    <subfield code="9">30002</subfield>
  </datafield>
  <datafield tag="650" ind1=" " ind2="7">
    <subfield code="a">Probabilidades</subfield>
    <subfield code="2">embne</subfield>
    <subfield code="9">43475</subfield>
  </datafield>
  <datafield tag="773" ind1="0" ind2=" ">
    <subfield code="t">Revista de la Real Academia de Ciencias Exactas, F&#xED;sicas y Naturales (Espa&#xF1;a)</subfield>
    <subfield code="g">Vol. 095, No. 01-02, Ene. 2001, p. 63-80</subfield>
    <subfield code="w">135461</subfield>
    <subfield code="x">1137-2141</subfield>
    <subfield code="0">70538</subfield>
  </datafield>
  <datafield tag="942" ind1=" " ind2=" ">
    <subfield code="c">ARIMP</subfield>
  </datafield>
  <datafield tag="999" ind1=" " ind2=" ">
    <subfield code="c">285528</subfield>
    <subfield code="d">285528</subfield>
  </datafield>
</record>
